| 000 | 01378cam a22004097i 4500 | ||
|---|---|---|---|
| 003 | CUTN | ||
| 005 | 20241220151307.0 | ||
| 008 | 121015t20132014nyua b 001 0 eng d | ||
| 020 | _a9781429231558 (cloth) | ||
| 020 | _a1429231556 (cloth) | ||
| 041 | _aEnglish | ||
| 042 | _alccopycat | ||
| 082 | 0 | 4 |
_a552.5 _223 _bPRO |
| 100 | 1 | _aProthero, Donald R., | |
| 100 | 1 | _eauthor. | |
| 245 | 1 | 0 |
_aSedimentary geology : _ban introduction to sedimentary rocks and stratigraphy / _cDonald R. Prothero, Museum of Natural History, Los Angeles County, Fred Schwab, Washington & Lee University. |
| 250 | _aThird edition. | ||
| 260 |
_aNew York : _bW.H. Freeman, _c2014. |
||
| 300 |
_avii, 593 pages : _billustrations ; _c29 cm |
||
| 504 | _aIncludes bibliographical references (pages 552-573) and index. | ||
| 650 | 0 | _aSedimentation and deposition. | |
| 650 | 0 | _aSedimentology. | |
| 650 | 0 | _aSedimentary rocks. | |
| 650 | 0 | _aGeology, Stratigraphic. | |
| 650 | 7 | _aGeology, Stratigraphic. | |
| 650 | 7 | _aSedimentary rocks. | |
| 650 | 7 | _aSedimentology. | |
| 650 | 7 |
_2fast _94 |
|
| 650 | 7 |
_2fast _94 |
|
| 650 | 7 |
_2fast _94 |
|
| 700 | 1 | _aSchwab, F. L. | |
| 700 | 1 |
_q(Frederic L.), _eauthor. |
|
| 906 |
_a7 _bcbc _ccopycat _d2 _encip _f20 _gy-gencatlg |
||
| 942 |
_2ddc _cBOOKS |
||
| 999 |
_c43911 _d43911 |
||